000
00187nam a2200073Ia 4500
008
170617s9999 xx 000 0 und d
100
_a
Florey-klaus
245
0
_a
Analytical Profiles of Drug Substances
260
_b
Pragati
999
_c
14917
_d
14917